000 00287nam a2200097Ia 4500
005 20251222152026.0
008 251222s9999||||xx |||||||||||||| ||spa||
082 _a630.1/I59/V.14/T.3
245 0 _aIII Censo Nacional Agropecuario: Resultados Definitivos: Departamento Amazonas
942 _cLIB
999 _c25472
_d25472